00349nam a2200145Ia 4500008004100000020001800041082000800059100001700067245003300084250000600117260003000123300001000153500002400163650001600187230524s9999 xx 000 0 und d a9789384030575 bSAN aAswin Sanghi 0a13 Steps to Bloody Good Luck a1 aNew DelhibWestlandc2014 a149p; aQuantity Number: 1 aMisalliance